Pesca y piscicultura en aguas continentales de América Latina / (Registro nro. 19026)

Detalles MARC
000 -CABECERA
Campo de control 00940cam a2200253 a 4500
005 - FECHA Y HORA DE LA ULTIMA TRANSACCION
Campo de control 20191224042310.0
008 - ELEMENTOS DE LONGITUD FIJA—INFORMACION GENERAL
Campo de control 910719s19850000-usabo 0 spa d
040 ## - FUENTE DE CATALOGACIÓN
Agencia catalogadora original CO-BoPUJ
Agencia transcriptora CO-BoIAVH
Agencia Modificadora CO-BoIAVH
041 0# - IDIOMA
Código de idioma para texto/pista de sonido o título separado Español
044 ## - PAÍS DE PUBLICACIÓN
País de publicación Estados Unidos
082 04 - NUMERO DE CLASIFICACION DECIMAL DEWEY
Número de clasificación 639.313
Número del ítem B71p
100 1# - ASIENTO PRINCIPAL--NOMBRE PERSONAL
Nombre personal Bonetto, Argentino A.
9 (RLIN) 76302
245 10 - MENCION DE TITULO
Título Pesca y piscicultura en aguas continentales de América Latina /
Mención de responsabilidad Argentino A. Bonetto y Hugo P. Castello
260 ## - PUBLICACION, DISTRIBUCION, ETC. (PIE DE IMPRENTA)
Lugar de publicación, distribución, etc. Washington :
Nombre del editor, distribuidor, etc. OEA,
Fecha de publicación, distribución, etc. 1985.
300 ## - DESCRIPCION FISICA
Extensión vi, 118 páginas :
Otros detalles físicos ilustraciones ;
Dimensiones 23 x 15 cm.
504 ## - NOTA DE BIBLIOGRAFIA, ETC.
Nota de bibliografía Incluye referencias bibliográficas.
650 24 - ASIENTO SECUNDARIO DE MATERIA - TERMINO TEMATICO
Término temático o nombre geográfico como elemento de entrada Industria pesquera
Subdivisión geográfica América Latina
9 (RLIN) 76303
650 26 - ASIENTO SECUNDARIO DE MATERIA - TERMINO TEMATICO
Término temático o nombre geográfico como elemento de entrada Pesca
Subdivisión geográfica América Latina
9 (RLIN) 76304
650 26 - ASIENTO SECUNDARIO DE MATERIA - TERMINO TEMATICO
Término temático o nombre geográfico como elemento de entrada Piscicultura
Subdivisión geográfica América Latina
9 (RLIN) 76305
650 26 - ASIENTO SECUNDARIO DE MATERIA - TERMINO TEMATICO
Término temático o nombre geográfico como elemento de entrada Ictiología
9 (RLIN) 11437
700 1# - ASIENTO SECUNDARIO - NOMBRE PERSONAL
Nombre personal Castello, Hugo P.
9 (RLIN) 76307
710 2# - ASIENTO SECUNDARIO - NOMBRE CORPORATIVO
Nombre corporativo o de jurisdicción como elemento de entrada Secretaría General de la Organización de los Estados Americanos, OEA
9 (RLIN) 54034
942 ## - ELEMENTOS ADICIONALES (KOHA)
Sistema de clasificación Dewey Decimal Classification
Tipo de ítem Libro
Existencias
Withdrawn status Lost status Sistema de Clasificación Damaged status No para préstamo Colección Inventariado Ubicación Permanente Ubicación actual Fecha de adquisición Fuente de Valor Total Checkouts Número topográfico Inventario / Código de Barras Date last seen Ejemplar Price effective from Forma de adquisición Tipo de material
    Dewey Decimal Classification     General Inventariado 2017 Bogotá Bogotá 14/09/2016 www.todocoleccion.net   LB-639.313 B71p 040684 14/09/2016 Ej. 1 14/09/2016 Donación Libro